00503 a2200169 450000100060000002000180000604000220002410000260004624000370007224500320010930000080014136200090014965000350015894200070019395201160020099900170031659805 a9783522179744 cAnchieta - Pituba aMinte-König, Bianka10aJungs & andere katastrophenlpor10aJungs & andere katastrophen a2020 a2007 4aLiteratura juvenil em alemão cBK 00104070a91.1b91.1d2023-11-21l0oLJ 028.543 M667j MIN JUNp11266/PITr2023-11-21 18:27:53w2023-11-21yBK c59805d59805